Paranoazinho : (Record no. 10599)

000 -LEADER
fixed length control field 00543nam a22001815i 4500
003 - CONTROL NUMBER IDENTIFIER
control field OSt
005 - DATE AND TIME OF LATEST TRANSACTION
control field 20220408190506.0
008 - FIXED-LENGTH DATA ELEMENTS--GENERAL INFORMATION
fixed length control field 170816s2017 ctu 000 0 eng
020 ## - INTERNATIONAL STANDARD BOOK NUMBER
International Standard Book Number 9781945150630 (soft cover : alk. paper)
042 ## - AUTHENTICATION CODE
Authentication code pcc
082 ## - DEWEY DECIMAL CLASSIFICATION NUMBER
Classification number 711.40981
100 1# - MAIN ENTRY--PERSONAL NAME
Personal name Birmann, Ricardo.
245 10 - TITLE STATEMENT
Title Paranoazinho :
Remainder of title city-making beyond Brasilia /
Statement of responsibility, etc Ricardo Birmann, Rafael Birmann, Sunil Bald ; [edited by] Nina Rappaport, Apoorva Khanolkar.
263 ## - PROJECTED PUBLICATION DATE
Projected publication date 1711
300 ## - PHYSICAL DESCRIPTION
Extent pages cm
942 ## - ADDED ENTRY ELEMENTS (KOHA)
Source of classification or shelving scheme
955 ## - COPY-LEVEL INFORMATION (RLIN)
Classification number, CCAL (RLIN) pc28 2017-08-16
Holdings
Withdrawn status Lost status Source of classification or shelving scheme Damaged status Koha normalized classification for sorting Not for loan Permanent location Current location Date acquired Source of acquisition Cost, normal purchase price Full call number Barcode Date last seen Cost, replacement price Price effective from Koha item type
        711_409810000000000   BMS College of Architecture, Design and Planning BMS College of Architecture, Design and Planning 2022-04-08 6 1928.15 711.40981 AR-PG535 2022-04-08 2754.50 2022-04-08 PG Books
Copyright © 2025, The Librarian, Library and Information Centre, BMSCA D&P, Bengaluru. All Rights Reserved
web counter

Powered by Koha